00398 2200169 4500001002100000005001500021008004100036035001900077041000700096082000800103090001300111100002400124245001800148260003300166300001900199650001000218INLIS00000000002015420241224115833241224||||||||| | ||| |||| || |  0010-1224020154 aid0 a813 a813SUM a0 aRusman Sutiasumarga00aANEKA PUSTAKA aJakartabbalai pustakac1974 a143hlm;15x21cm 0afiksi